[Event "XV Festival A"]
[Site "Porto San Giorgio ITA"]
[Date "2003.08.28"]
[Round "8"]
[White "Sebastianelli, Dario"]
[Black "Helmers, Wim G."]
[Result "0-1"]
[WhiteElo "2239"]
[BlackElo "2127"]
[PlyCount "99"]
[EventDate "2003.08.21"]

1. e4 c5 2. d4 cxd4 3. c3 dxc3 4. Nxc3 Nc6 5. Nf3 d6 6. Bc4 Nf6 7. e5 dxe5 8.
Qxd8+ Nxd8 9. Nb5 Rb8 10. Nxe5 e6 11. Nxa7 Bd6 12. Nd3 Bd7 13. Nb5 Bxb5 14.
Bxb5+ Nc6 15. Bxc6+ bxc6 16. Bd2 O-O 17. O-O-O Nd5 18. Kb1 e5 19. Rc1 Rfc8 20.
Rhe1 f6 21. Rc2 Rb6 22. b3 h5 23. h3 Kf7 24. Nb2 Ra6 25. Nc4 Be7 26. Re4 g5 27.
g3 Rb8 28. Nb2 Bb4 29. Nd1 Ke6 30. Rec4 Bxd2 31. Rxd2 f5 32. Nb2 e4 33. Na4
Rxa4 34. Rxa4 Nc3+ 35. Kc2 Nxa4 36. bxa4 h4 37. gxh4 gxh4 38. Kc3 f4 39. Rd4
Kf5 40. a5 Ra8 41. Ra4 Ra6 42. Kd4 c5+ 43. Kc4 Ke5 44. Kb5 e3 45. f3 Re6 46. a6
e2 47. Re4+ Kd6 48. a7 Rxe4 49. fxe4 e1=Q 50. e5+ 0-1

[Event "XV Festival A"]
[Site "Porto San Giorgio ITA"]
[Date "2003.08.28"]
[Round "8"]
[White "Tomescu, Vlad"]
[Black "Piva, Giorgio"]
[Result "1-0"]
[WhiteElo "2427"]
[BlackElo "2165"]
[PlyCount "57"]
[EventDate "2003.08.21"]

1. e4 c5 2. Nf3 d6 3. d4 cxd4 4. Nxd4 Nf6 5. Nc3 g6 6. Be3 Bg7 7. f3 Nc6 8. Qd2
O-O 9. O-O-O Bd7 10. g4 Rc8 11. h4 Ne5 12. h5 Qa5 13. Nb3 Qc7 14. Be2 b5 15.
Kb1 b4 16. Nd5 Nxd5 17. exd5 Rfe8 18. Rh2 a5 19. hxg6 fxg6 20. Rdh1 a4 21. Nd4
a3 22. Rxh7 Nc4 23. Bxc4 Qxc4 24. Nb3 Bxb2 25. Bd4 Bxd4 26. Nxd4 Qc3 27. Rh8+
Kg7 28. R1h7+ Kf6 29. Qf4+ 1-0

[Event "XV Festival A"]
[Site "Porto San Giorgio ITA"]
[Date "2003.08.28"]
[Round "8"]
[White "Tomini, Marco"]
[Black "Capuano, Eugenio"]
[Result "1/2-1/2"]
[WhiteElo "1801"]
[BlackElo "2143"]
[PlyCount "34"]
[EventDate "2003.08.21"]

1. d4 Nf6 2. c4 g6 3. Nc3 Bg7 4. e4 d6 5. Nf3 O-O 6. Be2 c5 7. O-O cxd4 8. Nxd4
Nc6 9. Be3 a5 10. f3 Bd7 11. Ndb5 Ne5 12. Rc1 Bc6 13. Qc2 Bxb5 14. Nxb5 Nfd7
15. Rfd1 Rc8 16. f4 Nc6 17. a3 Qe8 1/2-1/2

[Event "XV Festival A"]
[Site "Porto San Giorgio ITA"]
[Date "2003.08.28"]
[Round "8"]
[White "Ventura, Giuseppe"]
[Black "Coqueraut, Jean Dominique"]
[Result "0-1"]
[WhiteElo "2035"]
[BlackElo "1765"]
[PlyCount "56"]
[EventDate "2003.08.21"]

1. d4 d5 2. c4 c6 3. Nf3 Nf6 4. e3 e6 5. Nc3 Nbd7 6. Bd3 Be7 7. O-O O-O 8. b3
b6 9. Bb2 Bb7 10. Rc1 Re8 11. cxd5 exd5 12. Re1 Rc8 13. e4 dxe4 14. Nxe4 Nd5
15. a3 N7f6 16. Ne5 Nxe4 17. Bxe4 g6 18. Qf3 Bf6 19. Red1 Qd6 20. b4 Re6 21.
Rxc6 Bxc6 22. Nxc6 Rxe4 23. Qxe4 Rxc6 24. Qe8+ Kg7 25. Rd2 Qe6 26. Qxe6 fxe6
27. Kf1 Kf7 28. Ke2 Bg5 0-1

[Event "XV Festival A"]
[Site "Porto San Giorgio ITA"]
[Date "2003.08.28"]
[Round "8"]
[White "Ventura, Sergio"]
[Black "Rinaudo, Andrea"]
[Result "0-1"]
[WhiteElo "2173"]
[BlackElo "1882"]
[PlyCount "168"]
[EventDate "2003.08.21"]

1. Nf3 c5 2. c4 Nc6 3. Nc3 g6 4. d3 Bg7 5. g3 d6 6. Bg2 f5 7. Bd2 Nf6 8. Qc1 e5
9. Bh6 Qe7 10. O-O O-O 11. a3 Rb8 12. Bg5 a6 13. Rb1 a5 14. Nd2 Be6 15. Re1 Qd7
16. Nf1 Ne8 17. Bd2 Nc7 18. Nd5 b6 19. b3 Bxd5 20. cxd5 Ne7 21. e4 Nb5 22. Ne3
Nd4 23. Nc2 h5 24. Nxd4 cxd4 25. Bh6 Rbc8 26. Qd2 Kh7 27. Bxg7 Kxg7 28. Rec1
Rxc1+ 29. Rxc1 Rc8 30. Bf3 Rxc1+ 31. Qxc1 fxe4 32. dxe4 Qc8 33. Qg5 Kf7 34. g4
Qc3 35. Kg2 hxg4 36. Bxg4 Qc7 37. Qh6 Qd8 38. Be6+ Kf6 39. h4 Qe8 40. Kg3 Qd8
41. Kg4 d3 42. a4 Qe8 43. h5 Nc6 44. Qg5+ Kg7 45. h6+ Kh7 46. Qf6 Qe7 47. Qxe7+
Nxe7 48. Kf3 Kxh6 49. Ke3 Kg5 50. f3 d2 51. Kxd2 Kf4 52. Ke2 g5 53. Kf2 Ng6 54.
Bf7 Ne7 55. Bh5 Ng8 56. Bf7 Nf6 57. Be6 g4 58. fxg4 Nxg4+ 59. Ke2 Nf6 60. Kd3
Nxe4 61. Kc4 Nd2+ 62. Kc3 Nf3 63. Bh3 e4 64. b4 Ke5 65. bxa5 bxa5 66. Kc4 e3
67. Kd3 Kf4 68. Bd7 Ng1 69. Bb5 Kf3 70. Kd4 e2 71. Bxe2+ Nxe2+ 72. Kc4 Ke4 73.
Kb5 Nd4+ 74. Kxa5 Kxd5 75. Kb4 Nc6+ 76. Kb5 Nd4+ 77. Kb4 Kc6 78. Kc4 Ne6 79. a5
Nc7 80. Kb4 d5 81. Kc3 Kb5 82. Kd4 Kxa5 83. Kc5 Ka4 84. Kd4 Kb5 0-1

[Event "XV Festival A"]
[Site "Porto San Giorgio ITA"]
[Date "2003.08.29"]
[Round "9"]
[White "Bighiu, Gheorghe"]
[Black "Cocchi, Andrea"]
[Result "0-1"]
[WhiteElo "2126"]
[BlackElo "2292"]
[PlyCount "88"]
[EventDate "2003.08.21"]

1. h3 d5 2. d4 Nf6 3. Nf3 c6 4. Nbd2 e6 5. Ne5 c5 6. e3 Qb6 7. Ndf3 Nc6 8. c3
Bd6 9. Nxc6 bxc6 10. Bd3 O-O 11. O-O Ba6 12. Bxa6 Qxa6 13. Nd2 Rac8 14. Re1
cxd4 15. exd4 c5 16. dxc5 Rxc5 17. Qe2 Qc8 18. Nf3 Re8 19. Be3 Rc7 20. Rad1 h6
21. Nd2 e5 22. Qf3 Re6 23. g4 Qe8 24. Nb3 Qa4 25. Nc1 Qc2 26. Rd2 Qg6 27. Qf5
Qxf5 28. gxf5 Re8 29. Red1 Rb8 30. Nb3 Rc4 31. Rd3 Ra4 32. Bc1 Rxa2 33. Nd2 e4
34. Re3 Re8 35. Kf1 Re5 36. f4 Rxf5 37. Nxe4 Nxe4 38. Rxe4 dxe4 39. Rxd6 Ra1
40. Rd1 Rxf4+ 41. Ke2 Rf3 42. c4 Rb3 43. c5 Ra5 44. c6 Rc5 0-1

[Event "XV Festival A"]
[Site "Porto San Giorgio ITA"]
[Date "2003.08.29"]
[Round "9"]
[White "Capuano, Eugenio"]
[Black "Pepe, Mario"]
[Result "1/2-1/2"]
[WhiteElo "2143"]
[BlackElo "1902"]
[PlyCount "40"]
[EventDate "2003.08.21"]

1. Nf3 f5 2. c4 Nf6 3. g3 g6 4. Bg2 Bg7 5. O-O O-O 6. Nc3 d5 7. cxd5 Nxd5 8.
Nxd5 Qxd5 9. d4 Kh8 10. Bg5 e6 11. Qd2 Nd7 12. Rac1 c6 13. b3 Qd6 14. Bf4 e5
15. Nxe5 Nxe5 16. Qe3 Qxd4 17. Qxd4 Nf3+ 18. Bxf3 Bxd4 19. Rfd1 Bf6 20. Rd6 Kg7
1/2-1/2

[Event "XV Festival A"]
[Site "Porto San Giorgio ITA"]
[Date "2003.08.29"]
[Round "9"]
[White "Cioara, Andrei Nestor"]
[Black "Cerquitella, Luca"]
[Result "1/2-1/2"]
[WhiteElo "2394"]
[BlackElo "2125"]
[PlyCount "77"]
[EventDate "2003.08.21"]

1. e4 e5 2. Nf3 Nc6 3. d4 exd4 4. Nxd4 Nf6 5. Nxc6 bxc6 6. e5 Qe7 7. Qe2 Nd5 8.
c4 Nb6 9. Nd2 Qe6 10. b3 Be7 11. Bb2 O-O 12. g3 d5 13. Bg2 Bb4 14. O-O Ba6 15.
Rac1 Bxd2 16. Qxd2 dxc4 17. Qa5 c3 18. Qxa6 cxb2 19. Rce1 Nd5 20. Qc4 a5 21.
Qc2 Nb4 22. Qb1 a4 23. Re4 Rfb8 24. Qxb2 axb3 25. axb3 Nd3 26. Qe2 Rxb3 27. f4
Qd5 28. e6 Qc5+ 29. Kh1 f5 30. Ra4 Re8 31. Qa2 Rb2 32. Ra8 Rxa2 33. Rxe8+ Qf8
34. Rxf8+ Kxf8 35. Bxc6 Re2 36. Bb5 Re3 37. Ra1 Re1+ 38. Rxe1 Nxe1 39. Kg1
1/2-1/2

[Event "XV Festival A"]
[Site "Porto San Giorgio ITA"]
[Date "2003.08.29"]
[Round "9"]
[White "Cristiani, Cesare"]
[Black "Cardarelli, Angelo"]
[Result "0-1"]
[WhiteElo "2137"]
[BlackElo "1792"]
[PlyCount "108"]
[EventDate "2003.08.21"]

1. d4 Nf6 2. c4 e6 3. Nf3 b6 4. a3 Bb7 5. Nc3 Be7 6. d5 d6 7. e4 O-O 8. Be2 e5
9. O-O Nbd7 10. b4 Ne8 11. Qc2 g6 12. Bh6 Ng7 13. Bd3 Nf6 14. h3 Nfh5 15. Ne2
f5 16. Nh2 Bg5 17. Bxg5 Qxg5 18. Qc1 f4 19. Nf3 Qe7 20. Qc2 g5 21. Rfc1 Bc8 22.
Kf1 g4 23. hxg4 Bxg4 24. Neg1 Rf7 25. c5 Raf8 26. Qa4 h6 27. Qxa7 bxc5 28. bxc5
Nf6 29. cxd6 Qxd6 30. Rc6 Qe7 31. Qc5 Nge8 32. Qxe7 Rxe7 33. a4 Nd6 34. Nd2 Rb8
35. f3 Rb2 36. Ke1 Bh5 37. Ne2 Be8 38. Ra6 h5 39. Nc4 Nxc4 40. Bxc4 Kg7 41. g3
fxg3 42. Nxg3 Bd7 43. Ne2 h4 44. Kf2 Rb4 45. Rg1+ Kh7 46. Rxf6 Rxc4 47. a5 Rg7
48. Rh1 h3 49. a6 Ra4 50. Rh2 Ra2 51. Kf1 Rg2 52. Rxg2 hxg2+ 53. Kxg2 Kg7 54.
a7 Kxf6 0-1

[Event "XV Festival A"]
[Site "Porto San Giorgio ITA"]
[Date "2003.08.29"]
[Round "9"]
[White "Delizia, Costantino"]
[Black "Calandri, Fausto"]
[Result "1/2-1/2"]
[WhiteElo "2219"]
[BlackElo "2115"]
[PlyCount "129"]
[EventDate "2003.08.21"]

1. e4 e6 2. d4 d5 3. e5 c5 4. c3 Qb6 5. Nf3 Nc6 6. a3 Bd7 7. b4 cxd4 8. cxd4
Rc8 9. Be3 Nh6 10. Bd3 Ng4 11. O-O Be7 12. Nbd2 Nxe3 13. fxe3 O-O 14. Nb3 Nb8
15. Qe2 a6 16. a4 f5 17. Nc5 Rc7 18. Rfb1 Bc8 19. a5 Qa7 20. b5 axb5 21. a6 b6
22. Nb3 b4 23. Rc1 Rxc1+ 24. Rxc1 Bd7 25. Bb5 Bxb5 26. Qxb5 Qxa6 27. Qxa6 Nxa6
28. Rc6 Kf7 29. Rxb6 Ra8 30. Kf2 Ra7 31. Ke2 Nc7 32. Rb8 h6 33. Nfd2 Na6 34.
Rb6 Bd8 35. Rc6 Ke7 36. Kd3 Bc7 37. Rc1 Rb7 38. Rc6 Rb6 39. Rxb6 Bxb6 40. Nc1
Kd7 41. Ne2 Bd8 42. Kc2 Bg5 43. Nf1 Kc6 44. Kb3 Kb5 45. g3 h5 46. h4 Bh6 47.
Nf4 Bxf4 48. gxf4 Nb8 49. Nd2 Nc6 50. Kb2 Na5 51. Nf3 Nc4+ 52. Kb3 Kc6 53. Kxb4
Nxe3 54. Ne1 Kc7 55. Kc3 Nf1 56. Nf3 Ng3 57. Kd3 Ne4 58. Ke3 Kb6 59. Ne1 Kb5
60. Nd3 Kc4 61. Nb2+ Kb3 62. Nd3 Kc4 63. Nb2+ Kb5 64. Nd3 g6 65. Nb2 1/2-1/2

[Event "XV Festival A"]
[Site "Porto San Giorgio ITA"]
[Date "2003.08.29"]
[Round "9"]
[White "Esposito, Luca"]
[Black "Laketic, Gojko"]
[Result "1-0"]
[WhiteElo "2202"]
[BlackElo "2393"]
[PlyCount "65"]
[EventDate "2003.08.21"]

1. d4 d6 2. c4 e5 3. Nf3 e4 4. Ng5 f5 5. g3 Nf6 6. Bg2 h6 7. Nh3 g5 8. f3 Qe7
9. O-O Bg7 10. Nc3 O-O 11. fxe4 Nxe4 12. Nxe4 fxe4 13. Rxf8+ Kxf8 14. e3 Nd7
15. Bd2 Nf6 16. Qc2 Bf5 17. Rf1 Bg6 18. d5 Kg8 19. Nf2 c6 20. Qa4 cxd5 21. cxd5
Nxd5 22. Nxe4 Nb6 23. Qb3+ Kh7 24. Bc3 Bxc3 25. Qxc3 Rc8 26. Nf6+ Kh8 27. Qd4
Nc4 28. Be4 Bxe4 29. Nxe4+ Qe5 30. Rf7 Qxd4 31. exd4 Kg8 32. Rxb7 Rf8 33. Re7
1-0

[Event "XV Festival A"]
[Site "Porto San Giorgio ITA"]
[Date "2003.08.29"]
[Round "9"]
[White "Leveque, Sergio"]
[Black "Ferri, Stefano"]
[Result "0-1"]
[WhiteElo "2149"]
[BlackElo "2069"]
[PlyCount "76"]
[EventDate "2003.08.21"]

1. c4 Nf6 2. g3 g6 3. Bg2 Bg7 4. e4 d6 5. Nc3 O-O 6. Nge2 c5 7. O-O Nc6 8. f4
Bg4 9. h3 Be6 10. d3 Qc8 11. Kh2 a6 12. Nd5 Nd7 13. Rb1 b5 14. b3 Rb8 15. Bb2
Bxb2 16. Rxb2 Bxd5 17. cxd5 Nd4 18. Nxd4 cxd4 19. Rc2 Qb7 20. Qd2 Rfc8 21. Rfc1
Nc5 22. h4 Qb6 23. Bh3 Rd8 24. g4 a5 25. g5 Kg7 26. h5 h6 27. gxh6+ Kxh6 28.
hxg6 fxg6 29. f5+ g5 30. Rg1 Rg8 31. Rg4 Rbf8 32. Rc1 Qb8 33. Kg2 Qe8 34. Kf2
e6 35. Rh1 exf5 36. Bg2+ Qh5 37. Rxg5 Rxg5 38. Qf4 Nxd3+ 0-1

[Event "XV Festival A"]
[Site "Porto San Giorgio ITA"]
[Date "2003.08.29"]
[Round "9"]
[White "Naumkin, Igor"]
[Black "Rotstein, Arkadij"]
[Result "0-1"]
[WhiteElo "2406"]
[BlackElo "2544"]
[PlyCount "52"]
[EventDate "2003.08.21"]

1. d4 Nf6 2. c4 c5 3. d5 b5 4. cxb5 a6 5. b6 Qxb6 6. Nc3 d6 7. e4 g6 8. a4 Bg7
9. a5 Qb4 10. Ra4 Qb7 11. Bc4 O-O 12. f4 Bd7 13. Ra3 Qb4 14. Qd3 Bb5 15. Bxb5
axb5 16. e5 dxe5 17. fxe5 Ng4 18. Nf3 Nd7 19. e6 Nde5 20. Nxe5 Nxe5 21. Qxb5
fxe6 22. Ra4 Qxb5 23. Nxb5 exd5 24. Nc7 Rab8 25. a6 Nd3+ 26. Ke2 Rf2+ 0-1

[Event "XV Festival A"]
[Site "Porto San Giorgio ITA"]
[Date "2003.08.29"]
[Round "9"]
[White "Nicora, Paolo"]
[Black "Gardon, Ermanno"]
[Result "0-1"]
[WhiteElo "1842"]
[BlackElo "2148"]
[PlyCount "64"]
[EventDate "2003.08.21"]

1. d4 Nf6 2. c4 c5 3. d5 b5 4. cxb5 a6 5. f3 g6 6. e4 Bg7 7. e5 Ng8 8. d6 Bb7
9. bxa6 Nxa6 10. Bc4 Qb6 11. Nc3 Bxe5 12. dxe7 Nxe7 13. Nge2 Qf6 14. O-O Qh4
15. f4 Qg4 16. Nd5 Bg7 17. h3 Qh4 18. Be3 Nf5 19. Bf2 Qd8 20. Bxa6 Bxa6 21.
Bxc5 d6 22. Bb6 Qd7 23. Nc7+ Ke7 24. Nxa8 Rxa8 25. Bf2 Rb8 26. Rb1 Kf8 27. Re1
Rb4 28. g4 Bb7 29. gxf5 Qc6 30. Qxd6+ Qxd6 31. Rbd1 Qc7 32. Rc1 Rc4 0-1

[Event "XV Festival A"]
[Site "Porto San Giorgio ITA"]
[Date "2003.08.29"]
[Round "9"]
[White "Orlov, Andrey"]
[Black "Efimov, Igor"]
[Result "0-1"]
[WhiteElo "2391"]
[BlackElo "2479"]
[PlyCount "78"]
[EventDate "2003.08.21"]

1. e4 c6 2. d4 d5 3. e5 Bf5 4. c4 e6 5. Nc3 Ne7 6. Nge2 Nd7 7. Ng3 Bg6 8. h4 f6
9. h5 Bf7 10. f4 dxc4 11. Bxc4 Nb6 12. Bb3 Ned5 13. h6 g6 14. Nge4 Be7 15. exf6
Bxf6 16. Nxf6+ Qxf6 17. Ne4 Qe7 18. Bd2 O-O-O 19. Qe2 Nc7 20. a4 Rhf8 21. O-O
Bg8 22. Rac1 Kb8 23. a5 Nbd5 24. Nc3 Qh4 25. Bc4 Nxf4 26. Qe5 g5 27. a6 Rf5 28.
Bxf4 gxf4 29. Qe4 Qxh6 30. axb7 Rh5 31. Qxc6 f3 32. Qe4 Rh1+ 33. Kf2 Qd2+ 34.
Kxf3 Rf8+ 35. Kg3 Qg5+ 36. Qg4 Qe3+ 37. Rf3 Rxf3+ 38. gxf3 Rxc1 39. Qxg8+ Kxb7
0-1

[Event "XV Festival A"]
[Site "Porto San Giorgio ITA"]
[Date "2003.08.29"]
[Round "9"]
[White "Piva, Giorgio"]
[Black "Manganelli, Gianpaolo"]
[Result "1/2-1/2"]
[WhiteElo "2165"]
[BlackElo "2017"]
[PlyCount "32"]
[EventDate "2003.08.21"]

1. d4 e6 2. c4 f5 3. g3 Nf6 4. Bg2 d5 5. Bf4 c6 6. c5 b6 7. b4 a5 8. Bxb8 Rxb8
9. a3 Be7 10. Nf3 Nd7 11. O-O O-O 12. Nbd2 Ba6 13. Re1 Bf6 14. Qc2 bxc5 15.
bxc5 Qc7 16. e3 g6 1/2-1/2

[Event "XV Festival A"]
[Site "Porto San Giorgio ITA"]
[Date "2003.08.29"]
[Round "9"]
[White "Rinaudo, Andrea"]
[Black "Lauria, Amilcare"]
[Result "0-1"]
[WhiteElo "1882"]
[BlackElo "2174"]
[PlyCount "64"]
[EventDate "2003.08.21"]

1. e4 g6 2. d4 Bg7 3. f4 d6 4. Nf3 c6 5. Be2 b5 6. h3 Nd7 7. Be3 Nb6 8. O-O Nf6
9. Nbd2 O-O 10. c3 d5 11. e5 Ne4 12. Nxe4 dxe4 13. Ng5 Qd5 14. Qc2 f5 15. exf6
exf6 16. Nxe4 Bf5 17. Bf3 Rae8 18. Nxf6+ Bxf6 19. Bxd5+ Nxd5 20. Qf2 Rxe3 21.
Rfe1 Rxe1+ 22. Rxe1 h5 23. Qf3 h4 24. g4 hxg3 25. Qxg3 Kf7 26. Re2 Rh8 27. Qe1
Nxf4 28. Re3 Nxh3+ 29. Kg2 Nf4+ 30. Kf3 Bg5 31. Qg1 Rh3+ 32. Kf2 Rxe3 0-1

[Event "XV Festival A"]
[Site "Porto San Giorgio ITA"]
[Date "2003.08.29"]
[Round "9"]
[White "Sciortino, Massimo"]
[Black "Goes, Dirk"]
[Result "1-0"]
[WhiteElo "2192"]
[BlackElo "2122"]
[PlyCount "189"]
[EventDate "2003.08.21"]

1. e4 Nf6 2. e5 Nd5 3. c4 Nb6 4. d4 d6 5. exd6 exd6 6. Nc3 Be7 7. Bd3 Bf6 8.
Nge2 Nc6 9. Be3 Bg4 10. f3 Bh5 11. O-O Bg6 12. b3 d5 13. c5 Nc8 14. Qd2 N8e7
15. Rae1 O-O 16. f4 Qd7 17. Ng3 Nf5 18. Bxf5 Bxf5 19. Nce2 Bh4 20. a3 Ne7 21.
Kh1 Be4 22. Bf2 Bxg3 23. Nxg3 f5 24. Ne2 Rf6 25. Bh4 Rg6 26. Rf2 Nc6 27. b4 Nd8
28. Bxd8 Rxd8 29. Ng3 Re6 30. Rfe2 Rde8 31. Kg1 g6 32. Re3 Kf7 33. R1e2 R8e7
34. Qe1 Re8 35. Nh1 Qe7 36. Nf2 Qh4 37. g3 Qf6 38. Qd2 c6 39. g4 Bf3 40. Rxe6
Rxe6 41. Rxe6 Qxe6 42. g5 Be4 43. Nd1 a6 44. Qe3 Bc2 45. Qxe6+ Kxe6 46. Nc3 Kd7
47. Kf2 Kc7 48. h4 Kd7 49. Kg3 Ke6 50. h5 Bd3 51. hxg6 hxg6 52. Nd1 Be4 53. Ne3
Ke7 54. Kf2 Kd7 55. Ke2 Ke6 56. Kd2 Kd7 57. Kc3 Kc7 58. Kb3 Kc8 59. Ka4 Kd7 60.
Ka5 Kc7 61. Nf1 Bc2 62. Ne3 Be4 63. Nd1 Bc2 64. Nc3 Bd3 65. a4 Bc4 66. Nd1 Bd3
67. Ne3 Be4 68. Nf1 Bc2 69. Ng3 Bd1 70. Nh1 Be2 71. Nf2 Bf1 72. Nd1 Bd3 73. Nc3
Bc4 74. b5 axb5 75. axb5 Bd3 76. bxc6 bxc6 77. Nd1 Bc2 78. Ne3 Be4 79. Ka6 Bd3+
80. Ka7 Be4 81. Nf1 Bc2 82. Nd2 Be4 83. Nb3 Bc2 84. Na5 Ba4 85. Nb7 Bd1 86. Nd6
Ba4 87. Nxf5 Bc2 88. Nd6 Bd3 89. Ne8+ Kd7 90. Nf6+ Ke6 91. Kb6 Bb5 92. Ne8 Kd7
93. Nd6 Bd3 94. Kb7 Bc2 95. Nf7 1-0

[Event "XV Festival A"]
[Site "Porto San Giorgio ITA"]
[Date "2003.08.29"]
[Round "9"]
[White "Tischbierek, Raj"]
[Black "Jones, Gawain C.B."]
[Result "1/2-1/2"]
[WhiteElo "2522"]
[BlackElo "2347"]
[PlyCount "56"]
[EventDate "2003.08.21"]

1. e4 c5 2. Nc3 g6 3. Nf3 Bg7 4. d4 cxd4 5. Nxd4 d6 6. Bc4 Nf6 7. O-O O-O 8.
Bg5 Nc6 9. Nb3 a6 10. Re1 b5 11. Bf1 Re8 12. Nd5 Nxd5 13. exd5 Ne5 14. a4 Bg4
15. Qd2 Bd7 16. axb5 axb5 17. c3 Nc4 18. Bxc4 bxc4 19. Nd4 Rxa1 20. Rxa1 Qb6
21. h4 Bxd4 22. cxd4 Qb7 23. Ra5 f6 24. Bh6 Kf7 25. Qc3 Rc8 26. Bc1 Qb3 27. Ra7
Ke8 28. Kh2 Qxc3 1/2-1/2

[Event "XV Festival A"]
[Site "Porto San Giorgio ITA"]
[Date "2003.08.29"]
[Round "9"]
[White "Trent, Lawrence"]
[Black "Burmakin, Vladimir"]
[Result "0-1"]
[WhiteElo "2299"]
[BlackElo "2575"]
[PlyCount "76"]
[EventDate "2003.08.21"]

1. e4 c6 2. d4 d5 3. e5 Bf5 4. Nc3 a6 5. Be3 Qc7 6. Nce2 e6 7. Ng3 Ne7 8. Nxf5
Nxf5 9. Bd3 Nd7 10. Bxf5 exf5 11. Qd3 g6 12. Ne2 Be7 13. Nf4 Nf8 14. c4 dxc4
15. Qxc4 g5 16. Nd5 Qa5+ 17. Nc3 Ne6 18. O-O-O f4 19. Bd2 Rd8 20. Ne4 Qd5 21.
Qxd5 Rxd5 22. Bc3 O-O 23. h4 g4 24. f3 g3 25. h5 Kg7 26. b3 Rfd8 27. Rhe1 Kh6
28. Nf6 Bxf6 29. exf6 Kxh5 30. Re4 Kg6 31. Rh1 h5 32. Rhe1 Kxf6 33. Bd2 Kg5 34.
Re5+ Rxe5 35. Rxe5+ Kg6 36. Bc3 h4 37. Kd2 Nxd4 38. Ke1 h3 0-1